| 000 | 00707nam a2200217Ia 4500 | ||
|---|---|---|---|
| 003 | BUBTL | ||
| 008 | 151213s9999 xx 000 0 und d | ||
| 082 |
_a519.5 _bLIS |
||
| 100 | _aDoglas A. Lind , W.G.Marchal & S. A.Wathen | ||
| 245 |
_aStatistical techniques in Business & Economics _cDoglas A. Lind , W.G.Marchal & S. A.Wathen |
||
| 250 | _a12th | ||
| 260 |
_aNew York _bMc Graw Hill , Irwin _c2005 |
||
| 300 |
_a[xv] , 800p . : _bTable , graph ; 26cm . _cStatistics . |
||
| 500 | _aIncludes Index . | ||
| 650 | _aStatistics | ||
| 650 | _aStatistics | ||
| 700 | _aDoglas A. Lind , W.G.Marchal & S. A.Wathen | ||
| 856 |
_k0 _l0 _yDownload |
||
| 942 |
_2ddc _cBK |
||
| 999 |
_c2121 _d2121 |
||